000 00935nam a2200265 i 4500
001 8358
003 KOSZ 005
005 20210924124356.0
008 070823s1969 pl a g 000 0 pol
015 _aPB 1969/8176
040 _aWA N
_cKOSZ 005/RW
_dKOSZ 005/RW
041 0 _apol
_beng
_brus
080 _a001.81:159.95
100 1 _aRudniański, Jarosław
_d(1921-2008).
_eAutor
245 1 0 _aEfektywność myślenia :
_bwybrane zagadnienia /
_cJarosław Rudniański.
260 _aWarszawa :
_bPaństwowe Zakłady Wydawnictw Szkolnych,
_c1969.
300 _a223, [1] s. :
_bil. ;
_c18 cm.
380 _aKsiążki.
504 _aBibliogr. s. 220-[224].
546 _aStrzeszcz. ang., ros.
650 4 _aMyślenie
710 2 _aPaństwowe Zakłady Wydawnictw Szkolnych
_4pbl.
856 _uhttp://koha.tu.koszalin.pl/cgi-bin/koha/opac-detail.pl?biblionumber=8358
_yKatalog online BPK
942 _2UKD
_cKS
999 _c8358
_d8358